|
|
|
|
| LEADER |
00774nab a2200205 i 4500 |
| 001 |
publ26791 |
| 005 |
20230322162436.0 |
| 008 |
230322s2021 hu o 0|| Magyar d |
| 022 |
|
|
|a 0133-8455
|
| 024 |
7 |
|
|a 33710430
|2 mtmt
|
| 040 |
|
|
|a SZTE Publicatio Repozitórium
|b hun
|
| 041 |
|
|
|a Magyar
|
| 100 |
1 |
|
|a Jancsó Gábor
|
| 245 |
1 |
2 |
|a A hő-, fájdalom- és tapintásérzés receptorai
|h [elektronikus dokumentum] :
|b a 2021- évi orvosi-élettani Nobel-díj és szegedi vonatkozásai /
|c Jancsó Gábor
|
| 260 |
|
|
|c 2021
|
| 300 |
|
|
|a 44-66
|
| 490 |
0 |
|
|a BIOKÉMIA: A MAGYAR BIOKÉMIAI EGYESÜLET FOLYÓIRATA
|v 45 No. 4
|
| 650 |
|
4 |
|a Általános orvostudomány
|
| 700 |
0 |
1 |
|a Sántha Péter
|e aut
|
| 856 |
4 |
0 |
|u http://publicatio.bibl.u-szeged.hu/26791/3/33710430.pdf
|z Dokumentum-elérés
|